Представление документа в формате MARC21

Поле Инд. ПП Название Значение
Тип записи a
Библиографический уровень m
001 Контрольный номер 9fc84d1d152c423f9cc6729289b07e89
005 Дата корректировки 20260522110900.2
040 a Служба первич. каталог. 10013504
b Код языка каталог. rus
e Правила каталог. PSBO
041 0_ a Код языка текста rus
084 a Индекс другой классификации/Индекс ББК доп.
090 a Полочн. индекс 531
x Авторский знак С 302
r Идентификатор организации 10013504
100 1_ a Автор Семенов П.К.
245 10 a Заглавие Об устойчивости процессов с распределенными параметрами с последействием
b Продолж. заглавия автореферат диссертации ... кандидата технических наук : специальность 05.254 - Автоматическое управление и регулирование
c Ответственность науч. рук. Т.К. Сиразетдинов; Казанский авиационный институт
260 a Место издания Казань
c Дата издания 1972
300 a Объем 11 с.
653 0_ a Ключевые слова АВТОРЕФЕРАТЫ
700 12 a Другие авторы Сиразетдинов Т.К.
e Роль лиц Научный руководитель
901 t Тип документа r
952 d Специальность 05.254 Автоматическое управление и регулирование
a Тип литературы для КСУ ВШ БАНР
c Вид литературы автореферат